000 01074nam a2200349 i 4500
999 _c208
_d208
001 020344767
003 UkOxU
005 20190801095203.0
008 150710s2015 stka j 000 1 eng c
015 _aGBB546747
_2bnb
020 _a9781781124789 (pbk.) :
035 _a(StEdNL)5856303
035 _a(Uk)017155557
040 _aStDuBDS
_beng
_erda
_cStDuBDS
_dStEdNL
042 _aukscp
082 0 4 _aFIC JOH
_223
100 1 _aJohnson, Pete,
_d1965-
_eauthor.
245 1 0 _aHero /
_cPete Johnson ; with illustrations by Jen Collins.
264 1 _aEdinburgh :
_bBarrington Stoke,
_c2015.
300 _a50 pages :
_billustrations (black and white) ;
_c20 cm
336 _atext
_2rdacontent
337 _aunmediated
_2rdamedia
338 _avolume
_2rdacarrier
500 _a"Barrington Stoke teen"--Back cover.
500 _aDyslexic-friendly.
655 0 _aHigh interest-low vocabulary books.
655 0 _aYoung adult fiction.
655 0 _aEasy reading
700 1 _aCollins, Jen,
_eillustrator.
942 _2ddc
_cFIC